Vizuálny lokalizačný systém pre autonómne vozidlá : dátum obhajoby 22.8.2022
Guardado en:
| Autor principal: | |
|---|---|
| Otros Autores: | |
| Formato: | Manuscrito Libro |
| Lenguaje: | eslovaco |
| Publicado: |
Bratislava :
STU v Bratislave FEI,
2022
|
| Materias: | |
| Acceso en línea: | https://opac.crzp.sk/?fn=detailBiblioFormChildEKEL0&sid=5E8AE344A08831ABCD8B6AB27583&seo=CRZP-detail-kniha |
| Etiquetas: |
Sin Etiquetas, Sea el primero en etiquetar este registro!
|
MARC
| LEADER | 00000ntm a22000003a 4500 | ||
|---|---|---|---|
| 001 | stuzp76234 | ||
| 003 | SK-STU | ||
| 005 | 20231106124517.8 | ||
| 007 | ta | ||
| 008 | 150427s2015----xo-----f-mn---000-0-slo-d | ||
| 040 | |a STU |b slo | ||
| 041 | 0 | |a slo | |
| 044 | |a xo | ||
| 100 | 1 | |a Valocký, Frederik |u 030400 |4 aut |U FEI Fakulta elektrotechniky a informatiky |T FEI Ústav automobilovej mechatroniky |X 74982 |U E400 |Y 642 |7 74982 | |
| 242 | 0 | 1 | |a Visual localization system for autonomous vehicles |y eng |
| 245 | 1 | 0 | |a Vizuálny lokalizačný systém pre autonómne vozidlá : |b dátum obhajoby 22.8.2022 |
| 260 | |a Bratislava : |b STU v Bratislave FEI, |c 2022 | ||
| 300 | |a 147 s., |b Autoref. 2022, 48 s. | ||
| 500 | |a Len v elektronickej podobe | ||
| 650 | 4 | |a autonómne vozidlo |2 slo | |
| 650 | 4 | |a vizuálny systém |2 slo | |
| 650 | 4 | |a lokalizačný systém |2 slo | |
| 650 | 4 | |a kamerový systém |2 slo | |
| 650 | 4 | |a cestný identifikátor |2 slo | |
| 650 | 4 | |a visual system |2 eng | |
| 650 | 4 | |a localization system |2 eng | |
| 650 | 4 | |a camera system |2 eng | |
| 650 | 4 | |a road identifier |2 eng | |
| 650 | 4 | |a autonomous vehicle |2 eng | |
| 700 | 1 | |a Haffner, Oto |u 030400 |k Z1 |4 ths |U FEI Fakulta elektrotechniky a informatiky |T FEI Ústav automobilovej mechatroniky |X 56107 |U E400 |Y 642 |7 A000056107 | |
| 856 | 4 | |u https://opac.crzp.sk/?fn=detailBiblioFormChildEKEL0&sid=5E8AE344A08831ABCD8B6AB27583&seo=CRZP-detail-kniha | |